LEADER 01755nam 22005535u 450 001 9910157651703321 005 20211006145308.0 010 $a9783318035216 010 $a3318035211 035 $a(CKB)3780000000102075 035 $a(OCoLC)1046112779 035 $a(SZ-BaSKA)220675 035 $a(PPN)269119868 035 $a(MiAaPQ)EBC31866500 035 $a(Au-PeEL)EBL31866500 035 $a(EXLCZ)993780000000102075 100 $a20211006d1985 uy 0 101 0 $aeng 135 $aurunu||||| 181 $ctxt$2rdacontent 182 $cc$2rdamedia 183 $acr$2rdacarrier 200 10$aRed Blood Cells as Carriers for Drugs : $eA Method for Disseminating Chemotherapeutics, Hormones, Enzymes and Other Therapeutic Agents via the Circulatory System. 1st International Conference on Red Blood Cell Carriers, Bellagio, February-March 1984: Proceedings / $f editors, J.R. DeLoach, U. Sprandel 205 $a1st ed. 210 $aBasel : $cS. Karger, $d1985 215 $a1 online resource (VIII + 162 pages) : $c 30 figures, 21 tables 225 1 $aIssn Series 311 08$a9783805539401 311 08$a3805539401 410 0$aIssn Series 606 $aHematology 606 $aBiochemistry 606 $aChemotherapy 606 $aMetabolic Diseases 606 $aPharmacology 606 $aTransfusion Medicine 615 14$aHematology 615 24$aBiochemistry 615 24$aChemotherapy 615 24$aMetabolic Diseases 615 24$aPharmacology 615 24$aTransfusion Medicine 700 $aDeLoach$b J.R$01216389 801 0$bUKSKG 801 1$bUKSKG 906 $aBOOK 912 $a9910157651703321 996 $aRed Blood Cells as Carriers for Drugs$92811418 997 $aUNINA